000 01316cam a2200313 a 4500
001 48261
005 20230410130653.0
008 011025s2002 dcua c 000 0deng
010 _a 2001050526
035 _a(OCoLC)ocm48241348
040 _aDLC
_cDLC
_dBAKER
_dBTCTA
020 _a0844410535
020 _a9780844410531
035 _a(OCoLC)48241348
050 1 4 _aPN 2287
_bR722 2002
082 0 0 _a792/.0232/092
_221
049 _aGRAL
245 0 0 _aRoger L. Stevens presents :
_bessays /
_cby E.J. Kahn ... [et al.].
260 _aWashington, DC :
_bLibrary of Congress,
_c2002.
300 _a134 p. :
_bill. (some col.) ;
_c28 cm.
505 0 _aIntroduction / James H. Billington -- Profiles, openings and closings / E.J. Kahn, Jr. -- Roger L. Stevens on Broadway and in the West End / Walter Zvonchenko -- Roger Stevens, the arts endowment years--The Theatre Program years / Ruth Mayleas -- The man behind Washington's Kennedy Center / Tom Prideaux -- Roger Stevens, an appreciation / David Richards.
600 1 0 _aStevens, Roger L.
_vExhibitions.
700 1 _aKahn, E. J.
_q(Ely Jacques),
_d1916-
938 _aBaker & Taylor
_bBKTY
_c55.01
_d59.96
_i0844410535
_n0003824145
_sactive
938 _aBaker and Taylor
_bBTCP
_n2001050526
942 _2lcc
_cbk
994 _aC0
_bDRFGD
946 _aLspaulino
999 _c78245
_d78245